Studies in applied probability and management scie (Record no. 664179)

MARC details
000 -LEADER
fixed length control field 00629nam a2200205Ia 4500
003 - CONTROL NUMBER IDENTIFIER
control field OSt
005 - DATE AND TIME OF LATEST TRANSACTION
control field 20220926040220.0
008 - FIXED-LENGTH DATA ELEMENTS--GENERAL INFORMATION
fixed length control field 220923b |||||||| |||| 00| 0 eng d
037 ## - SOURCE OF ACQUISITION
Terms of availability General Book
040 ## - CATALOGING SOURCE
Original cataloging agency RTL
Transcribing agency RTL
Language of cataloging eng
041 ## - LANGUAGE CODE
Source of code eng
Language code of text/sound track or separate title eng
100 ## - MAIN ENTRY--PERSONAL NAME
Personal name Arrow Kenneth J Ed.
9 (RLIN) 128975
245 #0 - TITLE STATEMENT
Title Studies in applied probability and management scie
490 ## - SERIES STATEMENT
Series statement Stanford Mathematical Studies in the Social Sciences ed by Kenneth J Arrow etc.7
942 ## - ADDED ENTRY ELEMENTS (KOHA)
Classification part B2810bX, K2
Koha item type General Books
Source of classification or shelving scheme Colon Classification (CC)
Holdings
Withdrawn status Lost status Damaged status Not for loan Home library Current library Date acquired Total Checkouts Full call number Barcode Date last seen Price effective from Koha item type
        Ratan Tata Library Ratan Tata Library 2022-09-26   B2810bX K2 RT0032958 2022-09-26 2022-09-26 General Books
Copyright @ Delhi University Library System